WizzAir Destinations 2026 - Statistics

General Stats
  • This quiz has been taken 16 times
    14 since last reset
  • The average score is 139 of 182
Answer Stats
HINT HINT ANSWER % Correct
CRL Belgium Brussels Charleroi
100%
SJJ Bosnia and Herzegovina Sarajevo
100%
SOF Bulgaria Sofia
100%
TIA Albania Tirana
100%
AUH United Arab Emirates Abu Dhabi
92%
AMM Jordan Amman
92%
AYT Turkey Antalya
92%
ATH Greece Athens
92%
GYD Azerbaijan Baku
92%
BCN Spain Barcelona
92%
BSL Switzerland Basel
92%
MLH France Basel Mulhouse
92%
BEG Serbia Belgrade
92%
BER Germany Berlin
92%
BHX United Kingdom Birmingham
92%
BOD France Bordeaux
92%
BTS Slovakia Bratislava
92%
BBU Romania Bucharest Baneasa
92%
OTP Romania Bucharest Otopeni
92%
BUD Hungary Budapest
92%
CGN Germany Cologne
92%
CPH Denmark Copenhagen
92%
DXB United Arab Emirates Dubai
92%
HHN Germany Frankfurt Hahn
92%
GLA United Kingdom Glasgow
92%
HAM Germany Hamburg
92%
IST Turkey Istanbul
92%
JED Saudi Arabia Jeddah
92%
KEF Iceland Keflavik
92%
LIS Portugal Lisbon
92%
LGW United Kingdom London Gatwick
92%
LTN United Kingdom London Luton
92%
LYS France Lyon
92%
MAD Spain Madrid
92%
MLA Malta Malta
92%
RAK Morocco Marrakech
92%
BGY Italy Milan Bergamo
92%
MXP Italy Milan Malpensa
92%
NAP Italy Naples
92%
NCE France Nice
92%
OSL Norway Oslo Gardermoen
92%
TRF Norway Oslo Sandefjord
92%
PMO Italy Palermo
92%
BVA France Paris Beauvais
92%
ORY France Paris Orly
92%
PSA Italy Pisa
92%
OPO Portugal Porto
92%
PRG Czech Republic Prague
92%
RHO Greece Rhodes
92%
CIA Italy Rome Ciampino
92%
FCO Italy Rome Fiumicino
92%
SKP North Macedonia Skopje
92%
ARN Sweden Stockholm Arlanda
92%
NYO Sweden Stockholm Skavsta
92%
TRN Italy Turin
92%
VLC Spain Valencia
92%
VCE Italy Venice Marco Polo
92%
TSF Italy Venice Treviso
92%
VNO Lithuania Vilnius
92%
WAW Poland Warsaw Chopin
92%
WMI Poland Warsaw Modlin
92%
RDO Poland Warsaw Radom
92%
EVN Armenia Yerevan
92%
ALC Spain Alicante
85%
ESB Turkey Ankara
85%
BRI Italy Bari
85%
BGO Norway Bergen
85%
BLQ Italy Bologna
85%
BOJ Bulgaria Burgas
85%
RMO Moldova Chisinau
85%
CFU Greece Corfu
85%
DTM Germany Dortmund
85%
DBV Croatia Dubrovnik
85%
EIN Netherlands Eindhoven
85%
FAO Portugal Faro
85%
GDN Poland Gdansk
85%
GOT Sweden Goteborg
85%
HER Greece Heraklion
85%
IBZ Spain Ibiza
85%
KTW Poland Katowice
85%
KUN Lithuania Kaunas
85%
KSC Slovakia Kosice
85%
KRK Poland Krakow
85%
LCA Cyprus Larnaca
85%
LPL United Kingdom Liverpool
85%
LJU Slovenia Ljubljana
85%
FNC Portugal Madeira
85%
MED Saudi Arabia Medina
85%
TGD Montenegro Podgorica
85%
POZ Poland Poznan
85%
PRN Kosovo Pristina
85%
SVQ Spain Seville
85%
SSH Egypt Sharm el-Sheikh
85%
SPU Croatia Split
85%
SVG Norway Stavanger
85%
SZZ Poland Szczecin
85%
TLL Estonia Tallinn
85%
TLV Israel Tel-Aviv
85%
TFS Spain Tenerife South
85%
SKG Greece Thessaloniki
85%
TRD Norway Trondheim
85%
VAR Bulgaria Varna
85%
WRO Poland Wroclaw
85%
AGA Morocco Agadir
77%
BNX Bosnia and Herzegovina Banja Luka
77%
CTA Italy Catania
77%
CLJ Romania Cluj Napoca
77%
DEB Hungary Debrecen
77%
HRG Egypt Hurghada
77%
IAS Romania Iasi
77%
LBA United Kingdom Leeds
77%
LUZ Poland Lublin
77%
AGP Spain Malaga
77%
MMX Sweden Malmo
77%
PMI Spain Palma de Mallorca
77%
PFO Cyprus Paphos
77%
PDV Bulgaria Plovdiv
77%
RJK Croatia Rijeka
77%
STR Germany Stuttgart
77%
TKU Finland Turku
77%
VRN Italy Verona
77%
ZAD Croatia Zadar
77%
ZTH Greece Zakynthos
77%
ZAZ Spain Zaragoza
77%
ABZ United Kingdom Aberdeen
69%
HBE Egypt Alexandria
69%
BIO Spain Bilbao
69%
BLL Denmark Billund
69%
CHQ Greece Chania
69%
CRA Romania Craiova
69%
FUE Spain Fuerteventura
69%
GOA Italy Genoa
69%
LPA Spain Gran Canaria / Las Palmas
69%
GNB France Grenoble
69%
KUT Georgia Kutaisi
69%
JMK Greece Mykonos
69%
INI Serbia Nis
69%
NUE Germany Nuremberg
69%
OHD North Macedonia Ohrid
69%
OLB Italy Olbia
69%
RMI Italy Rimini
69%
TSR Romania Timisoara
69%
TOS Norway Tromso
69%
BDS Italy Brindisi
62%
CND Romania Constanta
62%
MST Netherlands Maastricht
62%
RMF Egypt Marsa Alam
62%
FMM Germany Memmingen
62%
PEG Italy Perugia
62%
RZE Poland Rzeszow
62%
JTR Greece Santorini
62%
SBZ Romania Sibiu
62%
TZL Bosnia and Herzegovina Tuzla
62%
DLM Turkey Dalaman
54%
KLX Greece Kalamata
54%
LMP Italy Lampedusa
54%
OMR Romania Oradea
54%
SCV Romania Suceava
54%
TRS Italy Trieste
54%
AES Norway Alesund
46%
AHO Italy Alghero
46%
AOI Italy Ancona
46%
BCM Romania Bacau
46%
HAU Norway Haugesund
46%
MAH Spain Menorca
46%
PSR Italy Pescara
46%
SDR Spain Santander
46%
EFL Greece Kefalonia
38%
SUF Italy Lamezia
38%
PLQ Lithuania Palanga
38%
TGM Romania Targu Mures
38%
FKB Germany Baden Baden
31%
CIY Italy Comiso
31%
JSI Greece Skiathos
31%
GHV Romania Brasov
23%
CDT Spain Castellon
23%
LWN Armenia Gyumri Shirak
23%
SZY Poland Olsztyn
23%
TAT Slovakia Poprad-Tatry
23%
SUJ Romania Satu Mare
23%
SPX Egypt Sphinx
23%
FDH Germany Friedrichshafen
15%
No matching quizzes found
Score Distribution
Percent of People with Each Score
Percentile by Number Answered
Your Score History
You have not taken this quiz since the last reset